00353nam a2200133Ia 4500008004100000024001400041082001700055100001900072245002600091260002600117600002100143650003800164999001700202260210s9999 xx 000 0 und d a11B-23-BS a005.1072 SYE aSyed Munib Ali 0aE-Banking (code book) aKarachi:bUITU,c2011 aComputer Science aBachelor of Computer Science (BS) c32176d32176